The Muqaddimah : an introduction to history (Record no. 70604)

000 -LEADER
fixed length control field 00455nam a22001697a 4500
003 - CONTROL NUMBER IDENTIFIER
control field NUST - PNEC
005 - DATE AND TIME OF LATEST TRANSACTION
control field 20170116181144.0
008 - FIXED-LENGTH DATA ELEMENTS--GENERAL INFORMATION
fixed length control field 151008b xxu||||| |||| 00| 0 eng d
020 ## - INTERNATIONAL STANDARD BOOK NUMBER
International Standard Book Number 9780691120546
040 ## - CATALOGING SOURCE
Transcribing agency LIBRARY
082 ## - DEWEY DECIMAL CLASSIFICATION NUMBER
Classification number 901 ROS
100 ## - MAIN ENTRY--PERSONAL NAME
9 (RLIN) 14847
Personal name Rosenthal, Franz
245 ## - TITLE STATEMENT
Title The Muqaddimah : an introduction to history
Statement of responsibility, etc. Franz Rosenthal
260 ## - PUBLICATION, DISTRIBUTION, ETC.
Date of publication, distribution, etc. c.1967
650 ## - SUBJECT ADDED ENTRY--TOPICAL TERM
9 (RLIN) 14849
Topical term or geographic name entry element History--Philosophy
General subdivision General
942 ## - ADDED ENTRY ELEMENTS (KOHA)
Source of classification or shelving scheme
Koha item type Book
Holdings
Withdrawn status Lost status Source of classification or shelving scheme Damaged status Not for loan Permanent Location Current Location Shelving location Date acquired Total Checkouts Full call number Barcode Date last seen Date last checked out Price effective from Koha item type
          Pakistan Navy Engineering College (PNEC) Pakistan Navy Engineering College (PNEC)     1 901 ROS PNECLIB-030971 05/18/2016 05/04/2016   Book
© 2023 Central Library, National University of Sciences and Technology. All Rights Reserved.